Gminy sąsiadujące z innymi województwami (część 2) - Statystyki

Ogólne statystyki
  • Ten quiz został rozwiązany 8 razy
  • Średni wynik to 24 z 88
Statystyki odpowiedzi
Województwo Powiat Typ Gminy Gmina % Poprawnych
wiejska Grajewo
71%
braniewski wiejska Braniewo
57%
wiejska Elbląg
57%
gołdapski miejsko-wiejska Gołdap
57%
miejsko-wiejska Kolno
57%
mogileński miejsko-wiejska Mogilno
57%
miejsko-wiejska Olecko
57%
piski miejsko-wiejska Pisz
57%
miejsko-wiejska Tuchola
57%
żniński miejsko-wiejska Żnin
57%
miejsko-wiejska Ciechanowiec
43%
miejsko-wiejska Drohiczyn
43%
wiejska Działdowo
43%
miejsko-wiejska Frombork
43%
nidzicki wiejska Janowiec Kościelny
43%
miejsko-wiejska Janowiec Wielkopolski
43%
wiejska Mielnik
43%
świecki miejsko-wiejska Nowe
43%
miejsko-wiejska Sępólno Krajeńskie
43%
wiejska Siemiatycze
43%
wiejska Śniadowo
43%
zambrowski wiejska Szumowo
43%
elbląski miejsko-wiejska Tolkmicko
43%
wiejska Włocławek
43%
wiejska Zambrów
43%
miejsko-wiejska Biała Piska
29%
wysokomazowiecki miejsko-wiejska Czyżew
29%
kolneński wiejska Grabowo
29%
wiejska Iłowo-Osada
29%
włocławski miejsko-wiejska Izbica Kujawska
29%
miejsko-wiejska Jabłonowo Pomorskie
29%
wiejska Janowo
29%
wiejska Jeziora Wielkie
29%
miejsko-wiejska Lubień Kujawski
29%
wiejska Miastkowo
29%
nakielski miejsko-wiejska Mrocza
29%
siemiatycki wiejska Perlejewo
29%
radziejowski miejsko-wiejska Piotrków Kujawski
29%
grajewski miejsko-wiejska Rajgród
29%
wiejska Rozogi
29%
miejsko-wiejska Strzelno
29%
miejsko-wiejska Szczuczyn
29%
wiejska Turośl
29%
szczycieński miejsko-wiejska Wielbark
29%
podlaskie suwalski wiejska Wiżajny
29%
łomżyński wiejska Zbójna
29%
wiejska Bakałarzewo
14%
augustowski wiejska Bargłów Kościelny
14%
wiejska Bartniczka
14%
wiejska Baruchowo
14%
nowomiejski wiejska Biskupiec
14%
wiejska Brzozie
14%
miejsko-wiejska Chodecz
14%
lipnowski miejsko-wiejska Dobrzyń nad Wisłą
14%
wiejska Dubeninki
14%
wiejska Filipów
14%
brodnicki miejsko-wiejska Górzno
14%
wiejska Grodziczno
14%
wiejska Gronowo Elbląskie
14%
wiejska Kalinowo
14%
sępoleński miejsko-wiejska Kamień Krajeński
14%
miejsko-wiejska Kcynia
14%
wiejska Kęsowo
14%
miejsko-wiejska Kisielice
14%
wiejska Kowale Oleckie
14%
wiejska Kurzętnik
14%
grudziądzki miejsko-wiejska Łasin
14%
działdowski miejsko-wiejska Lidzbark
14%
wiejska Markusy
14%
ełcki wiejska Prostki
14%
wiejska Przerośl
14%
wiejska Raczki
14%
wiejska Rogowo
14%
rypiński wiejska Rogowo
14%
wiejska Rogóźno
14%
wiejska Rychliki
14%
wiejska Sadki
14%
miejsko-wiejska Skępe
14%
wiejska Skrwilno
14%
kujawsko-pomorskie tucholski wiejska Śliwice
14%
miejsko-wiejska Susz
14%
wiejska Tłuchowo
14%
wiejska Topólka
14%
wiejska Warlubie
14%
miejsko-wiejska Więcbork
14%
olecki wiejska Wieliczki
14%
warmińsko-mazurskie iławski miejsko-wiejska Zalewo
14%
wiejska Zbiczno
14%
Nie znaleziono quizów pasujących do podanych kryteriów
Rozkład punktacji
Procent ludzi z każdym wynikiem
Percentyl według liczby udzielonych odpowiedzi
Twoja historia wyników
Nie rozwiązałeś tego quizu